000 01004nam a2200241Ia 4500
001 6273
003 GE_BSU
008 181216s||||||||xx |||||||||||||| ||und||
040 _cGE_BSU
080 _a821.353.1-2
100 _aბათიაშვილი,გურამ.
245 _aპიესები:ლალი,სიყვარული და სხვები;
245 _bმონოლოგი დაბადებაზე; პიესის კითხვა; ვალი.
245 _cრედ:ვ.ბურკაძე.
260 _aთბილისი.
260 _bსაქ. თეატრალური საზ-ბა.
260 _c1981
300 _a243გვ;20სმ.
653 _aმონოლოგი დაბადებაზე; პიესის კითხვა; ვალი
653 _aპიესები.
653 _aპიესები:ლალი,სიყვარული და სხვები
942 _cBK
999 _c39670
_d39670